000 00783nam a22002417a 4500
003 UA-OsUOA
001 52529
007 ta
008 20150611b un ||||| |||| 00| 0 ukr d
100 _aКниш З.
090 _a929 : 94(477).08
_bК53
942 _cBK
040 _aUA-OsUOA
_bukr
_cUA-OsUOA
_dUA-OsUOA
245 _aДу, що тіло рве до бою... (Юліян Головінський, Крайовий командант УВО)
300 _a200 с.
955 _a1
041 _aukr
080 _a929 : 94(477).08
260 _aВінніпег
_c1951
650 7 _a9 Географія. Біографії. Історія
_2UDC
999 _c432648
_d432648